Statistics for Pokémon Card Gimmicks

Click here to take the quiz!

General Stats

  • This quiz has been taken 10 times
  • The average score is 15 of 32

Answer Stats

First SetLast SetAnswer% Correct
Next DestiniesEvolutionsEX
100%
Ruby & SapphirePower Keepersex
100%
Sword & Shield(Ongoing)V
100%
Sun & MoonCosmis EclipseGX
88%
Sword & Shield(Ongoing)VMAX
88%
Brilliant Stars(Ongoing)VSTAR
75%
Team RocketTeam Rocket ReturnsDark
63%
XYEvolutionsM EX
63%
Neo RevelationShining LegendsShining
63%
Crimson InvasionCosmic EclipseUltra Beast
63%
BREAKThroughEvolutionsBREAK
50%
HeartGold SoulSilverTriumphantLEGEND
50%
Delta SpeciesDragon Frontiers𝛿 Delta Species
38%
Fusion Strike(Ongoing)Fusion Strike
38%
Neo DestinyNeo DestinyLight
38%
Diamond & PearlArceusLv.X
38%
HeartGold SoulSilverTriumphantPrime
38%
Astral Radiance(Ongoing)Radiant
38%
Battle Styles(Ongoing)Rapid Strike
38%
Battle Styles(Ongoing)Single Strike
38%
Team Rocket ReturnsPower KeepersStar
38%
Team UpCosmic EclipseTAG TEAM
38%
Team Magma vs Team AquaDouble CrisisTeam Aqua
38%
Team Magma vs Team AquaDouble CrisisTeam Magma
38%
SWSH PromosSWSH PromosV-UNION
38%
Primal ClashAncient OriginsAncient Trait
25%
Ultra PrismTeam UpPrism Star
25%
Plasma StormLegendary TreasuresTeam Plasma
25%
Vivid VoltageShining FatesAmazing
13%
AquapolisSkyridgeCrystal
13%
PlatinumArceusSP
13%
ExpeditionSkyridgee-Reader
0%

Score Distribution

Percentile by Number Answered

Percent of People with Each Score

Your Score History

You have not taken this quiz